To Kati Parapano - Konstantinos Argiros - Statistics

General Stats
  • This quiz has been taken 4 times
  • The average score is 7 of 14
Answer Stats
Track No. Track Length % Correct
13 Ximeromata 3:01
100%
14 Den Eho Polla 3:50
67%
12 Liwma 3:51
67%
10 Mazi Sou 3:32
67%
9 Se Chreiazomai 4:09
67%
8 Ta Matia Sou Eroteftika 3:42
67%
2 Apohoro 3:43
33%
3 Dikaiologies 3:28
33%
11 Lathos Mou 3:29
33%
5 Poso? 2:52
33%
7 Psemata 3:31
33%
4 S' Eho Xeperasei 2:53
33%
1 Ti Na To Kano 4:09
33%
6 Vasilias 3:17
33%
No matching quizzes found
Score Distribution
Percent of People with Each Score
Percentile by Number Answered
Your Score History
You have not taken this quiz